Marketingově řízená firma : Filozofie, organizace, strategie /

Enregistré dans:
Détails bibliographiques
Auteur principal: Bureš, Ivan (Auteur)
Format: Livre
Langue:tchèque
Publié: Praha : Management Press, Profit, a.s, 1992
Édition:1.vyd.
Sujets:
Accès en ligne:OBSAH
Tags: Ajouter un tag
Pas de tags, Soyez le premier à ajouter un tag!

MARC

LEADER 00000nam a22000003a 4500
001 stu46199
005 20150617225716.3
008 980212s1992----cs------------------cze-d
020 |a 80-85603-24-1 
040 |a STU  |b slo 
041 0 |a cze 
044 |a cs 
080 |a 658.8 
080 |a 658.114.1 
100 1 |a Bureš, Ivan  |4 aut 
245 1 |a Marketingově řízená firma :  |b Filozofie, organizace, strategie /  |c [aut.]Ivan Bureš 
250 |a 1.vyd. 
260 |a Praha :  |b Management Press, Profit, a.s,  |c 1992 
300 |a 101 s 
650 7 |a Marketing firiem  |2 stusub 
650 7 |a firmy  |2 stusub 
650 7 |a marketing  |2 estusub 
856 4 |a https://sweb.mtf.stuba.sk/obsahy/marketingove_rizena_firma_92.pdf  |u https://sweb.mtf.stuba.sk/obsahy/marketingove_rizena_firma_92.pdf  |3 OBSAH 
996 |b 284M038587  |c M*9779-1  |l MMST  |s A  |a 24  |w stu46199_0001 
996 |b 284J016732  |c J*90730  |l JJSK  |s A  |a 24  |w stu46199_0002 
996 |b 284M024887  |c M*9779-2  |l MMST  |s A  |a 24  |w stu46199_0003